ESSENTIALS OF PHYSICAL PHARMACY (Record no. 7928)

MARC details
000 -LEADER
fixed length control field 00475nam a22001817a 4500
005 - DATE AND TIME OF LATEST TRANSACTION
control field 20230117102843.0
008 - FIXED-LENGTH DATA ELEMENTS--GENERAL INFORMATION
fixed length control field 220215b ||||| |||| 00| 0 eng d
020 ## - INTERNATIONAL STANDARD BOOK NUMBER
ISBN 978819101925
041 ## - LANGUAGE CODE
Language code of text/sound track or separate title eng
082 ## - DEWEY DECIMAL CLASSIFICATION NUMBER
Classification number 615.19
100 ## - MAIN ENTRY--AUTHOR NAME
Personal name DERLE,DEELIPRAO AND BODDU,SAI HANUMAN SAGAR
245 ## - TITLE STATEMENT
Title ESSENTIALS OF PHYSICAL PHARMACY
250 ## - EDITION STATEMENT
Edition statement 2'ND
260 ## - PUBLICATION, DISTRIBUTION, ETC. (IMPRINT)
Place of publication HYDERABAD
Name of publisher PHARMA MED PRESS
Year of publication 2010
300 ## - PHYSICAL DESCRIPTION
Number of Pages 338;P.
650 ## - SUBJECT ADDED ENTRY--TOPICAL TERM
Topical Term PHARMACY
General subdivision B.PHARMA
942 ## - ADDED ENTRY ELEMENTS (KOHA)
Koha item type Books
Holdings
Lost status Damaged status Collection code Home library Current library Shelving location Date acquired Source of acquisition Cost, normal purchase price Full call number Accession Number Koha item type
    Reference JRU Library JRU Library SHELF-4-C 15/02/2022 PURCHASE 375.00 615.19 26393 Books
    PHARMACY JRU Library JRU Library Shelf - 23- D 15/02/2022 PURCHASE 375.00 615.19 26394 Books
    PHARMACY JRU Library JRU Library Shelf - 23- D 15/02/2022 PURCHASE 375.00 615.19 26395 Books
    PHARMACY JRU Library JRU Library Shelf - 23- D 15/02/2022 PURCHASE 375.00 615.19 26396 Books
    PHARMACY JRU Library JRU Library Shelf - 23- D 15/02/2022 PURCHASE 375.00 615.19 26397 Books